000 00425pab a2200157 454500
008 180718b1998 xxu||||| |||| 00| 0 eng d
100 _aManring, Nancy J.
245 _aCollaborative resource management: organizational benefits and individual costs
260 _c1998
300 _ap.274-90
362 _aJun
650 _aOrganizations
650 _aManagement
773 _aAdministration and Society
909 _a38755
999 _c38755
_d38755